000 00517nam a2200169Ia 4500
999 _c20831
_d20831
003 OSt
005 20200609131916.0
008 190216s9999||||xx |||||||||||||| ||und||
020 _a9788174362070
040 _coclc
082 _a363
_bYUS/P
100 _aYusufzai, Rahimullah
_92681
245 0 _aProfiles Of Terror /
_cRahimullah Yusufzai ; Harinder Baweja ; Amir Mir .....
260 _bLotus Collection,
_c2002.
_aNew Delhi:
300 _a144p
942 _cBK
_2ddc
_h363
_iYUS/P
_k363
_mYUS/P